| 000 | 00483nam a2200169Ia 4500 | ||
|---|---|---|---|
| 005 | 20251020182611.0 | ||
| 008 | 200515s9999 xx 000 0 und d | ||
| 082 | _aSC/658.3(85)/P45 | ||
| 110 | _aOficina de Racionalización | ||
| 245 | 0 | _aManual de dispositivos legales relacionados con la administración de personal en el ministerio de industria y turismo | |
| 260 | _aLima | ||
| 260 | _c1975 | ||
| 650 | _aINDUSTRIA | ||
| 650 | _aMANUAL | ||
| 650 | _aTURISMO | ||
| 942 | _cLIB | ||
| 999 |
_c3347 _d3347 |
||